| LEADER 00000nam 2200000uu 4500 |
| 001 206518 |
| 003 ULIBM |
| 008 110920s2540||||th 000 0 tha d |
| 020 974-596-925-7
|
| 040 ^aBcnkk.
|
| 041 0 ^aTha.
|
| 060 4 WO 500 ว865ต 2540.
|
| 100 0 ^aวุฒิชัย ธนาพงศธร
|
| 245 10 ^aตำราการผ่าตัดช่องท้องโดยวิธีส่องกล้อง =^bTextbook oflaparoscopic surgery /^cวุฒิชัย ธนาพงศธร
|
| 250 ^aพิมพ์ครั้งที่ 1.
|
| 260 ^a[กรุงเทพฯ] :^bภาควิชาศัลยศาสตร์ คณะแพทยศาสตร์มหาวิทยาลัยศรีนครินทรวิโรฒ วชิรพยาบาล,^cc2540
|
| 300 ^axv, 558 หน้า :^bภาพประกอบ.
|
| 650 7 ^aช่องท้อง - - ^xศัลยกรรม.
|
| 650 7 ^aศัลยกรรมแบบส่องกล้อง.
|
| 650 7 ^aเยื่อบุช่องท้อง, การส่องตรวจด้วยกล้อง.
|
| 710 2 ^aมหาวิทยาลัยศรีนครินทรวิโรฒ วชิรพยาบาล.^bคณะแพทยศาสตร์.^bภาควิชาศัลยศาสตร์.
|
| 999 ^aใช้งานได้ทุกระบบ
|